[Event "Scarborough CC Falling Leaves U2000"]
[Site "Toronto CAN"]
[Date "2010.10.28"]
[Round "1"]
[White "Manalo, Pepin"]
[Black "Song, Lin"]
[Result "1-0"]
[WhiteElo "1840"]
[BlackElo "1677"]
[PlyCount "117"]
[EventDate "2010.10.28"]
[EventType "swiss"]
[EventRounds "7"]
[EventCountry "CAN"]

1. d4 Nf6 2. Nc3 g6 3. e4 d6 4. Bc4 Bg7 5. f3 c6 6. Bb3 a6 7. Be3 O-O 8. Qd2
Nbd7 9. g4 b5 10. a3 Bb7 11. g5 Ne8 12. h4 e6 13. h5 d5 14. hxg6 fxg6 15. Qh2
Kf7 16. e5 Nc7 17. Nge2 Qe7 18. O-O-O Rh8 19. Qf4+ Ke8 20. Rh3 Nf8 21. Na2 a5
22. c3 Ba6 23. Qh2 Ra7 24. Bc2 Na8 25. Nf4 Kf7 26. Nd3 Nb6 27. Nc5 Nbd7 28.
Nxa6 Rxa6 29. Bd2 Nb6 30. Bd3 Nc4 31. Bxc4 bxc4 32. Be3 Rb6 33. Rd2 Qb7 34. Kd1
Ke8 35. Rf2 Rg8 36. Bc1 Bh8 37. Qg3 Rg7 38. Qg4 Rf7 39. f4 Rf5 40. Rfh2 Qc7 41.
Be3 Rb7 42. Nc1 Qb6 43. Ke1 Kd8 44. Rf2 Rg7 45. Qd1 Nd7 46. Qa4 Qb5 47. Qc2 c5
48. a4 Qc6 49. b3 cxd4 50. cxd4 Nb6 51. Nd3 Rc7 52. Nc5 cxb3 53. Qxb3 Nc4 54.
Bc1 Ke7 55. Rxh7+ Rf7 56. Rxh8 Nb6 57. Ba3 Rc8 58. Rfh2 Rg7 59. R2h7 1-0

[Event "Scarborough CC Falling Leaves U2000"]
[Site "Toronto CAN"]
[Date "2010.10.28"]
[Round "1"]
[White "Moran-Venegas, Mario"]
[Black "Cale, Ferdinand"]
[Result "1-0"]
[WhiteElo "1680"]
[BlackElo "1841"]
[PlyCount "82"]
[EventDate "2010.10.28"]
[EventType "swiss"]
[EventRounds "7"]
[EventCountry "CAN"]

1. e4 d5 2. exd5 Qxd5 3. Nc3 Qe5+ 4. Nge2 c6 5. d4 Qc7 6. Bf4 Qd8 7. Ng3 e6 8.
Be2 Be7 9. O-O Nf6 10. Nce4 O-O 11. c4 Nxe4 12. Nxe4 f5 13. Ng3 Nd7 14. Qd2 g5
15. Nh5 gxf4 16. Qxf4 Kh8 17. Rad1 Bg5 18. Qd6 Qe7 19. Qc7 Nb6 20. Qe5+ Bf6 21.
Nxf6 Qxf6 22. Qf4 Nd7 23. Rfe1 e5 24. dxe5 Qxe5 25. Qc1 Qg7 26. b3 Nf6 27. Rd3
Ne4 28. Qf4 Be6 29. f3 Ng5 30. Kh1 Bg8 31. Bf1 Ne6 32. Qd2 Rad8 33. Ree3 Rxd3
34. Rxd3 Nc5 35. Rd6 Rf6 36. Rd8 Ne6 37. Rd7 Rf7 38. Rd6 Re7 39. Qd3 Qe5 40.
Qd2 c5 41. Rd3 Nd4 1-0

[Event "Scarborough CC Falling Leaves U2000"]
[Site "Toronto CAN"]
[Date "2010.10.28"]
[Round "1"]
[White "Morra, Lui"]
[Black "Conte, Mike"]
[Result "1-0"]
[WhiteElo "1691"]
[BlackElo "1856"]
[PlyCount "73"]
[EventDate "2010.10.28"]
[EventType "swiss"]
[EventRounds "7"]
[EventCountry "CAN"]

1. b3 d5 2. Bb2 c5 3. Nf3 e6 4. e3 Nf6 5. d4 a6 6. a4 Nc6 7. Be2 b6 8. O-O Be7
9. Nbd2 Bb7 10. Ne5 Qc7 11. Ndf3 O-O 12. Nxc6 Bxc6 13. Ne5 Bb7 14. Bd3 Rfd8 15.
Qe2 Rdc8 16. f4 Ne4 17. f5 f6 18. Ng4 c4 19. Bxe4 dxe4 20. fxe6 cxb3 21. c3 Bd5
22. Rad1 b5 23. axb5 axb5 24. Qe1 Ra2 25. Rd2 Qb6 26. Qg3 Kh8 27. h4 Qxe6 28.
h5 Rca8 29. h6 g6 30. Rdf2 f5 31. Ne5 Qf6 32. Nd7 Qd6 33. Ne5 Bc4 34. Rxf5 Bxf1
35. Nf7+ Kg8 36. Nxd6 Rxb2 37. Qe5 1-0

[Event "Scarborough CC Falling Leaves U2000"]
[Site "Toronto CAN"]
[Date "2010.10.28"]
[Round "1"]
[White "Paterson, Jim"]
[Black "Zotkin, Daniel"]
[Result "1/2-1/2"]
[WhiteElo "1896"]
[BlackElo "1643"]
[PlyCount "114"]
[EventDate "2010.10.28"]
[EventType "swiss"]
[EventRounds "7"]
[EventCountry "CAN"]

1. d4 d5 2. Nf3 Nf6 3. g3 Bf5 4. Bg2 Nbd7 5. O-O g6 6. c4 c6 7. b3 Bg7 8. Nc3
O-O 9. Bf4 Ne4 10. Rc1 Qa5 11. Bd2 Nxd2 12. Qxd2 Nf6 13. Nxd5 Qxd2 14. Nxe7+
Kh8 15. Nxd2 Bd7 16. d5 Rae8 17. d6 Ng4 18. c5 Bh6 19. Rc2 Bg5 20. h3 Nh6 21.
Ne4 Bxe7 22. dxe7 Rxe7 23. Nd6 Bf5 24. Nxf5 Nxf5 25. Rd1 Rfe8 26. Kf1 Ng7 27.
b4 a6 28. Rcd2 h5 29. Bf3 Nf5 30. a4 Kg7 31. Rd7 Kf6 32. e4 Nh6 33. Bg2 Kg7 34.
f4 Kh7 35. Kf2 Kg7 36. Rxe7 Rxe7 37. Kf3 f6 38. Bf1 f5 39. e5 Nf7 40. Bc4 g5
41. e6 g4+ 42. hxg4 hxg4+ 43. Ke3 Kf6 44. Kf2 Nh8 45. Rd8 Ng6 46. Ke3 Kg7 47.
Kd4 Kf6 48. Rg8 Rc7 49. Rxg6+ Kxg6 50. Ke5 Rh7 51. Bd3 Rh5 52. Bc4 Rh7 53. Bd3
Rh5 54. Kd6 Rh8 55. Bc4 Kf6 56. Kc7 Rh7+ 57. Kd6 Re7 1/2-1/2

[Event "Scarborough CC Falling Leaves U2000"]
[Site "Toronto CAN"]
[Date "2010.10.28"]
[Round "1"]
[White "Stavropoulos, Greg"]
[Black "Armstrong, Robert J"]
[Result "1-0"]
[WhiteElo "1960"]
[BlackElo "1794"]
[PlyCount "75"]
[EventDate "2010.10.28"]
[EventType "swiss"]
[EventRounds "7"]
[EventCountry "CAN"]

1. c4 g6 2. Nc3 Bg7 3. Nf3 Nf6 4. g3 O-O 5. Bg2 d6 6. O-O e5 7. d3 Bg4 8. h3
Be6 9. Ng5 d5 10. Nxe6 fxe6 11. Qb3 Nbd7 12. cxd5 exd5 13. Nxd5 Nxd5 14. Qxd5+
Kh8 15. Qxb7 Nb6 16. Qe4 Rb8 17. b3 Qd6 18. Be3 a6 19. Rac1 Rfe8 20. Rc2 Nd7
21. Rfc1 Nf6 22. Qc4 Rbc8 23. Qc5 Bf8 24. Qxd6 Bxd6 25. Bb7 Rcd8 26. Bxa6 e4
27. Bd4 Kg7 28. dxe4 Rxe4 29. Rxc7+ Bxc7 30. Rxc7+ Kh6 31. Bxf6 Rd5 32. Bb7
Rd1+ 33. Kg2 Rd6 34. Bg7+ Kh5 35. Bxe4 g5 36. g4+ Kh4 37. Be5 h5 38. Bg3# 1-0

[Event "Scarborough CC Falling Leaves U2000"]
[Site "Toronto CAN"]
[Date "2010.10.28"]
[Round "1"]
[White "Su, Stanley"]
[Black "Karmalkar, Vilas"]
[Result "1-0"]
[WhiteElo "1807"]
[BlackElo "1623"]
[PlyCount "78"]
[EventDate "2010.10.28"]
[EventType "swiss"]
[EventRounds "7"]
[EventCountry "CAN"]

1. e4 e5 2. Nf3 Nc6 3. Nc3 Nf6 4. g3 d6 5. Bg2 Be7 6. d3 O-O 7. O-O Be6 8. Ne1
Nd4 9. f4 c6 10. f5 Bd7 11. g4 h6 12. Ne2 Qb6 13. Nxd4 Qxd4+ 14. Kh1 d5 15. Nf3
Qb6 16. Nxe5 dxe4 17. Nxd7 Nxd7 18. Bxe4 Ne5 19. Qe2 Rad8 20. c3 Qb5 21. Rd1 f6
22. Bf4 Rfe8 23. Bxe5 Qxe5 24. Qg2 Bd6 25. Re1 Qf4 26. Rf1 Qg5 27. Rf3 Bf4 28.
Raf1 Bc7 29. h3 Re7 30. Qc2 Kf8 31. Qa4 Bb6 32. Qc2 h5 33. Qg2 h4 34. Re1 Bc7
35. Re2 Bb6 36. a4 Re5 37. b4 Re7 38. a5 Bc7 39. a6 Qh6 1-0

[Event "Scarborough CC Falling Leaves U2000"]
[Site "Toronto CAN"]
[Date "2010.10.28"]
[Round "1"]
[White "Wiebe, Daniel"]
[Black "Mesiti, Silvano"]
[Result "1-0"]
[WhiteElo "1853"]
[BlackElo "1682"]
[PlyCount "113"]
[EventDate "2010.10.28"]
[EventType "swiss"]
[EventRounds "7"]
[EventCountry "CAN"]

1. e4 e5 2. Nf3 d6 3. d4 exd4 4. Nxd4 Nc6 5. Bb5 Bd7 6. Nc3 Nf6 7. O-O Be7 8.
Re1 O-O 9. f4 Nxd4 10. Qxd4 Bxb5 11. Nxb5 a6 12. Nc3 Qc8 13. h3 c6 14. Be3 c5
15. Qd3 Qc6 16. Rad1 Rfd8 17. f5 b5 18. Bg5 Re8 19. Bxf6 Bxf6 20. Qxd6 Qc8 21.
Nd5 Bd4+ 22. Kh1 Ra7 23. Qg3 Be5 24. Qd3 Qd8 25. c3 Qg5 26. Qe3 Qxe3 27. Rxe3
Kf8 28. b3 Rd7 29. g4 h6 30. Kg2 Red8 31. Kf3 Rd6 32. Red3 Ke8 33. Nc7+ Ke7 34.
Rxd6 Rxd6 35. Rxd6 Kxd6 36. Nd5 Kc6 37. h4 a5 38. g5 hxg5 39. hxg5 Kd6 40. Ke3
Bh2 41. Nf4 Bg3 42. Kf3 Bh2 43. g6 fxg6 44. Nxg6 Bg1 45. e5+ Kd7 46. Ke4 b4 47.
c4 Bd4 48. Kd5 Ke8 49. Nf4 Kf7 50. Ne6 Bg1 51. Nxc5 Ke7 52. Ne4 Kd7 53. Ng5 Be3
54. Ne6 Bh6 55. c5 a4 56. bxa4 Bd2 57. Nxg7 1-0

[Event "Scarborough CC Falling Leaves U2000"]
[Site "Toronto CAN"]
[Date "2010.10.28"]
[Round "1"]
[White "Xie, Peter"]
[Black "Jizan, Masoud"]
[Result "0-1"]
[WhiteElo "1637"]
[BlackElo "1815"]
[PlyCount "85"]
[EventDate "2010.10.28"]
[EventType "swiss"]
[EventRounds "7"]
[EventCountry "CAN"]

1. e4 c5 2. Nf3 Nc6 3. d4 cxd4 4. Nxd4 Nf6 5. Nc3 a6 6. Bc4 Qb6 7. Nxc6 Qxc6 8.
Bd5 Nxd5 9. exd5 Qg6 10. O-O d6 11. Re1 Bh3 12. Qf3 Bf5 13. Ne4 e5 14. dxe6
fxe6 15. Bf4 Rd8 16. Ng3 Be7 17. Qxb7 Qf6 18. Qc6+ Kf7 19. Qxa6 Bxc2 20. Qe2
Rc8 21. Rac1 Bg6 22. Be3 d5 23. Rxc8 Rxc8 24. Bd4 e5 25. Bxe5 Qe6 26. Qf3+ Kg8
27. Bc3 Qd7 28. Qe3 Bc5 29. Qd2 d4 30. Ne4 Bxe4 31. Rxe4 Qf5 32. Re1 dxc3 33.
bxc3 Rf8 34. Rf1 Qf7 35. h3 Ra8 36. Ra1 Qc4 37. Kh2 Rf8 38. Kg1 Qf7 39. Rf1 Qe6
40. Qc2 Bxf2+ 41. Kh1 Bg3 42. Qd3 Rxf1+ 43. Qxf1 0-1

[Event "Scarborough CC Falling Leaves U2000"]
[Site "Toronto CAN"]
[Date "2010.10.28"]
[Round "1"]
[White "Zhou, Kevin"]
[Black "Marcille, Gord"]
[Result "1-0"]
[WhiteElo "1877"]
[BlackElo "1752"]
[PlyCount "90"]
[EventDate "2010.10.28"]
[EventType "swiss"]
[EventRounds "7"]
[EventCountry "CAN"]

1. e4 c5 2. Nf3 d6 3. d4 cxd4 4. Nxd4 Nf6 5. Nc3 g6 6. Be2 Bg7 7. O-O O-O 8.
Bg5 Nc6 9. Nb3 a6 10. a4 Rb8 11. f4 h6 12. Bh4 Be6 13. Kh1 Rc8 14. Bf3 Qc7 15.
Nd5 Bxd5 16. exd5 Na5 17. Nxa5 Qxa5 18. c3 Qb6 19. Qd2 a5 20. g4 Rc4 21. Qe2
Rxf4 22. Bg3 Rxf3 23. Qxf3 h5 24. gxh5 Nxh5 25. Rf2 Bf6 26. Raf1 Kg7 27. Qe4
Rh8 28. Kg2 Qc7 29. Bh4 Qd7 30. Rf3 Rh7 31. h3 Rh8 32. Bxf6+ Nxf6 33. Qd4 Rh5
34. c4 Kg8 35. Rg3 Kg7 36. Re1 Qxa4 37. Rxe7 Qc2+ 38. Qf2 Qxc4 39. Rf3 Qxd5 40.
Kf1 Qd1+ 41. Re1 Qxf3 42. Qxf3 Rf5 43. Qxf5 gxf5 44. Re7 b6 45. Rc7 b5 1-0

[Event "Scarborough CC Falling Leaves U2000"]
[Site "Toronto CAN"]
[Date "2010.11.04"]
[Round "2"]
[White "Bellissimo, Joseph"]
[Black "Xie, Peter"]
[Result "1/2-1/2"]
[WhiteElo "1890"]
[BlackElo "1637"]
[PlyCount "78"]
[EventDate "2010.10.28"]
[EventType "swiss"]
[EventRounds "7"]
[EventCountry "CAN"]

1. e4 e5 2. Nf3 Nc6 3. Bc4 Nf6 4. d3 Be7 5. Nc3 d6 6. a3 O-O 7. Be3 Na5 8. Ba2
c5 9. Nd5 Nc6 10. Nxe7+ Nxe7 11. Qd2 Be6 12. Bg5 Ng6 13. Nh4 Bxa2 14. Rxa2 Nxh4
15. Bxh4 Qe7 16. Ra1 Qe6 17. O-O Nh5 18. Bg5 f6 19. Be3 f5 20. Qe2 Qg6 21. Qf3
f4 22. Bd2 a5 23. b4 axb4 24. axb4 b6 25. bxc5 bxc5 26. Ra5 Rxa5 27. Bxa5 Ra8
28. Ra1 Nf6 29. Bc3 Rxa1+ 30. Bxa1 Qf7 31. c4 Qa7 32. Qd1 Qa3 33. Qb1 Kf7 34.
h3 Kg6 35. Kf1 Nd7 36. Ke2 Qa6 37. Qb5 Qc8 38. Bc3 Kf7 39. Ba5 h6 1/2-1/2

[Event "Scarborough CC Falling Leaves U2000"]
[Site "Toronto CAN"]
[Date "2010.11.04"]
[Round "2"]
[White "Conte, Mike"]
[Black "Armstrong, Robert J"]
[Result "0-1"]
[WhiteElo "1856"]
[BlackElo "1794"]
[PlyCount "102"]
[EventDate "2010.10.28"]
[EventType "swiss"]
[EventRounds "7"]
[EventCountry "CAN"]

1. e4 g6 2. d4 Bg7 3. c4 d6 4. Nc3 Nf6 5. Nf3 O-O 6. Be2 Nc6 7. Be3 Ng4 8. Qd2
Nxe3 9. Qxe3 e5 10. dxe5 Nxe5 11. Nd4 Ng4 12. Bxg4 Bxg4 13. O-O Qd7 14. Nde2
Rae8 15. Rad1 Qc6 16. f3 Bc8 17. Qd3 Qb6+ 18. Kh1 f5 19. Rd2 fxe4 20. Nxe4 Bf5
21. N2g3 Kh8 22. b3 Qa5 23. Nxf5 Qxf5 24. Re1 Be5 25. Rde2 Qh5 26. g4 Qh4 27.
Rg1 Rf4 28. Qe3 Ref8 29. Qf2 Qxf2 30. Nxf2 Rxf3 31. Kg2 Bxh2 32. Rh1 Be5 33.
Ne4 R3f4 34. g5 Rg4+ 35. Kh3 Rgf4 36. Kg2 Rg4+ 37. Kh3 Rff4 38. Rhe1 Rh4+ 39.
Kg2 Rfg4+ 40. Kf3 Rf4+ 41. Kg2 Rf5 42. Rh1 Rxh1 43. Kxh1 Kg7 44. Kg2 Bf4 45.
Nf6 Rxg5+ 46. Kf3 Be5 47. Ne8+ Kg8 48. Nxc7 h5 49. Ne6 Rg3+ 50. Kf2 h4 51. b4
h3 0-1

[Event "Scarborough CC Falling Leaves U2000"]
[Site "Toronto CAN"]
[Date "2010.11.04"]
[Round "2"]
[White "Huston, Scott"]
[Black "Zhou, Kevin"]
[Result "0-1"]
[WhiteElo "1719"]
[BlackElo "1877"]
[PlyCount "88"]
[EventDate "2010.10.28"]
[EventType "swiss"]
[EventRounds "7"]
[EventCountry "CAN"]

1. d4 Nf6 2. c4 g6 3. Nc3 Bg7 4. e4 d6 5. Nge2 O-O 6. Ng3 e5 7. d5 h5 8. h4 a5
9. Bg5 Qe8 10. Be2 Na6 11. O-O Nc5 12. Nb5 Qd7 13. Nc3 Nh7 14. f4 f6 15. fxe5
fxg5 16. e6 Qe7 17. Nxh5 gxh5 18. Bxh5 Rxf1+ 19. Qxf1 Bxc3 20. Bf7+ Kg7 21.
bxc3 Bxe6 22. dxe6 Nxe6 23. Bh5 Rf8 24. Qe2 Nf4 25. Qg4 Nxh5 26. Qxh5 Qf7 27.
Qe2 Qf4 28. hxg5 Nxg5 29. Rd1 Nxe4 30. Rd4 Qf2+ 31. Qxf2 Nxf2 32. c5 Rf6 33.
cxd6 cxd6 34. a4 Kg6 35. c4 b6 36. Rd5 Ne4 37. Rb5 Nd2 38. Rxb6 Nxc4 39. Rc6 d5
40. Rxf6+ Kxf6 41. Kf2 Nb6 42. Ke3 Nxa4 43. Kd4 Nb6 44. Kc5 a4 0-1

[Event "Scarborough CC Falling Leaves U2000"]
[Site "Toronto CAN"]
[Date "2010.11.04"]
[Round "2"]
[White "Lin, Tony (Juntao)"]
[Black "Bao, Stephen"]
[Result "1-0"]
[WhiteElo "1925"]
[BlackElo "1783"]
[PlyCount "105"]
[EventDate "2010.10.28"]
[EventType "swiss"]
[EventRounds "7"]
[EventCountry "CAN"]

1. e4 c5 2. Nf3 e6 3. d4 cxd4 4. Nxd4 Nc6 5. Nc3 Nf6 6. Ndb5 d6 7. Bf4 e5 8.
Bg5 a6 9. Na3 b5 10. Bxf6 gxf6 11. Nd5 Bg7 12. c3 f5 13. Bd3 Be6 14. Ne3 f4 15.
Nd5 Bxd5 16. exd5 Ne7 17. O-O O-O 18. Nc2 Rc8 19. Nb4 Qb6 20. Qf3 a5 21. Nc6
Nxc6 22. Qh5 f5 23. Bxf5 Rxf5 24. Qxf5 Na7 25. Rad1 Qc7 26. Rd3 Qf7 27. Qe6
Qxe6 28. dxe6 Rc6 29. Rfd1 Nc8 30. Rd5 Rb6 31. a4 Kf8 32. Rxb5 Ke7 33. b4 Rxb5
34. axb5 axb4 35. cxb4 Kxe6 36. Ra1 Kd7 37. b6 Kc6 38. Rc1+ Kxb6 39. Rxc8 Bf6
40. Kf1 h6 41. f3 d5 42. Rc5 d4 43. Ke2 h5 44. Kd3 h4 45. h3 Bg7 46. Kc4 Bf6
47. b5 Kb7 48. Rc6 Bd8 49. Re6 Bc7 50. b6 Bxb6 51. Rxe5 Kc6 52. Re6+ Kb7 53.
Rxb6+ 1-0

[Event "Scarborough CC Falling Leaves U2000"]
[Site "Toronto CAN"]
[Date "2010.11.04"]
[Round "2"]
[White "Moran-Venegas, Mario"]
[Black "Manalo, Pepin"]
[Result "0-1"]
[WhiteElo "1680"]
[BlackElo "1840"]
[PlyCount "130"]
[EventDate "2010.10.28"]
[EventType "swiss"]
[EventRounds "7"]
[EventCountry "CAN"]

1. e4 c5 2. Nf3 Nc6 3. d4 cxd4 4. Nxd4 Nf6 5. Nc3 d6 6. Bg5 Qa5 7. Bxf6 gxf6 8.
Nb3 Qd8 9. Qd2 h5 10. O-O-O Bh6 11. f4 Bg4 12. Be2 Bxe2 13. Nxe2 Qc7 14. Kb1
O-O-O 15. a3 Rhg8 16. Qd5 e5 17. g3 Rd7 18. Rd3 Kb8 19. Rc3 Qb6 20. fxe5 Nxe5
21. Ned4 Rc8 22. Rxc8+ Kxc8 23. Rf1 Bg7 24. Nf5 Bh8 25. Nd2 Qa6 26. c4 Kb8 27.
Rf4 Qb6 28. Rh4 Rd8 29. Rxh5 Qg1+ 30. Ka2 Qc5 31. Rh7 Qxd5 32. cxd5 Kc7 33. Kb3
b5 34. Nd4 Kb6 35. N4f3 Rf8 36. Nxe5 fxe5 37. g4 Bf6 38. Rh6 Be7 39. Nf3 Kc5
40. Kc3 a5 41. Nxe5 b4+ 42. axb4+ axb4+ 43. Kb3 dxe5 44. Rc6+ Kb5 45. Rc7 Bc5
46. Rb7+ Ka6 47. Rc7 Kb6 48. Rc6+ Kb5 49. Rf6 Rg8 50. h3 Rh8 51. Rf3 f6 52. Rd3
Bd4 53. Rf3 Rh6 54. Kc2 Kc5 55. b3 Kd6 56. Kd3 Ke7 57. Kc4 Rh8 58. d6+ Ke6 59.
d7 Kxd7 60. Rxf6 Rxh3 61. g5 Ke7 62. Rf5 Re3 63. Kd5 Rd3 64. Kc6 Ke6 65. g6 Rg3
0-1

[Event "Scarborough CC Falling Leaves U2000"]
[Site "Toronto CAN"]
[Date "2010.11.04"]
[Round "2"]
[White "Morra, Lui"]
[Black "Wiebe, Daniel"]
[Result "1-0"]
[WhiteElo "1691"]
[BlackElo "1853"]
[PlyCount "63"]
[EventDate "2010.10.28"]
[EventType "swiss"]
[EventRounds "7"]
[EventCountry "CAN"]

1. b3 e5 2. Bb2 Nc6 3. e4 Nf6 4. Nc3 a6 5. Nf3 Bc5 6. Be2 Ba7 7. O-O O-O 8. d3
d6 9. Nd5 Nxd5 10. exd5 Ne7 11. c4 Ng6 12. Qc2 f5 13. Rac1 f4 14. b4 Bg4 15. d4
Bxf3 16. Bxf3 Nh4 17. Be4 f3 18. g3 Qd7 19. Kh1 Qh3 20. Rg1 Nf5 21. Qd3 Bxd4
22. Bxf5 Rxf5 23. g4 Rf4 24. Rg3 Qh6 25. g5 Qh4 26. Bxd4 Rxd4 27. Qf5 Qf4 28.
Qe6+ Kh8 29. Rcg1 Rxc4 30. Rg4 Qd2 31. Rxc4 Rf8 32. Rxc7 1-0

[Event "Scarborough CC Falling Leaves U2000"]
[Site "Toronto CAN"]
[Date "2010.11.04"]
[Round "2"]
[White "Posaratnanathan, Juliaan"]
[Black "Jizan, Masoud"]
[Result "1-0"]
[WhiteElo "1867"]
[BlackElo "1815"]
[PlyCount "89"]
[EventDate "2010.10.28"]
[EventType "swiss"]
[EventRounds "7"]
[EventCountry "CAN"]

1. e4 c5 2. Nf3 Nc6 3. d4 cxd4 4. Nxd4 e6 5. a3 Nf6 6. Nc3 a6 7. Be2 Bc5 8. Be3
Qb6 9. Na4 Qa5+ 10. c3 Bxd4 11. Bxd4 Nxd4 12. Qxd4 e5 13. Qb4 Qxb4 14. axb4
Nxe4 15. Bf3 Nf6 16. Nb6 Rb8 17. Nxc8 Rxc8 18. Bxb7 Rb8 19. Bxa6 Ra8 20. O-O
Ke7 21. Rfe1 d6 22. Bb7 Rxa1 23. Rxa1 Rb8 24. Ra7 Kf8 25. Kf1 Nd7 26. Bd5 Rd8
27. b5 f6 28. Bc6 Nb6 29. Rb7 Nc8 30. Rb8 Ke7 31. b6 Nxb6 32. Rxb6 d5 33. Ke2
f5 34. Ba4 Ra8 35. Bb3 Rd8 36. g3 d4 37. Re6+ Kf8 38. Rxe5 d3+ 39. Kd2 g6 40.
Bc4 Kg7 41. b4 Kf6 42. f4 h6 43. Re6+ Kg7 44. Re7+ Kf6 45. Rf7# 1-0

[Event "Scarborough CC Falling Leaves U2000"]
[Site "Toronto CAN"]
[Date "2010.11.04"]
[Round "2"]
[White "Triefeldt, Jack"]
[Black "Bellomo, Joe"]
[Result "1-0"]
[WhiteElo "1805"]
[BlackElo "1719"]
[PlyCount "73"]
[EventDate "2010.10.28"]
[EventType "swiss"]
[EventRounds "7"]
[EventCountry "CAN"]

1. Nf3 d5 2. d4 Nf6 3. c4 e6 4. Nc3 Be7 5. e3 O-O 6. Bd3 dxc4 7. Bxc4 b6 8. O-O
Bb7 9. Re1 Nbd7 10. e4 c6 11. e5 Nd5 12. Nxd5 cxd5 13. Bb3 Rc8 14. Be3 Nb8 15.
a3 Nc6 16. Qd3 g6 17. Nd2 Na5 18. Rec1 Nxb3 19. Nxb3 Qd7 20. Rxc8 Rxc8 21. Rc1
Rxc1+ 22. Nxc1 Qa4 23. Qb3 Qa5 24. h3 Ba6 25. Qc2 Bc4 26. Qd2 Qb5 27. Bh6 Qd7
28. b4 Qa4 29. Qc3 Qd1+ 30. Kh2 Qh5 31. Be3 Qf5 32. Qd2 h5 33. Ne2 Bd8 34. Ng3
Qb1 35. Bg5 Bc7 36. Be7 Bd3 37. Qh6 1-0

[Event "Scarborough CC Falling Leaves U2000"]
[Site "Toronto CAN"]
[Date "2010.11.04"]
[Round "2"]
[White "Verde, Pino"]
[Black "Paterson, Jim"]
[Result "0-1"]
[WhiteElo "1708"]
[BlackElo "1857"]
[PlyCount "96"]
[EventDate "2010.10.28"]
[EventType "swiss"]
[EventRounds "7"]
[EventCountry "CAN"]

1. e4 Nf6 2. d3 Nc6 3. Nd2 e5 4. g3 Bc5 5. c3 a6 6. a4 d6 7. Bg2 Bg4 8. Ngf3
Qc8 9. h4 Nh5 10. b4 Ba7 11. Qb3 O-O 12. Nf1 Be6 13. Qd1 Nf6 14. Ne3 h6 15. Ng5
Bxe3 16. Nxe6 Bxf2+ 17. Kxf2 fxe6 18. Kg1 Qe8 19. Bf3 Qf7 20. Be3 d5 21. Bc5
Rfd8 22. Qe2 d4 23. c4 b6 24. b5 axb5 25. cxb5 bxc5 26. bxc6 Rdb8 27. Qc2 Qe7
28. g4 Ne8 29. Rh2 Rb6 30. g5 hxg5 31. a5 Rxc6 32. Qc4 Nd6 33. Qc1 Qf6 34. Bg4
gxh4 35. Rf2 Qg6 36. Qd1 Nf7 37. Raa2 Rca6 38. Rg2 Qh6 39. Qb3 Qe3+ 40. Kh1 Ng5
41. Rae2 Qc1+ 42. Rg1 Qc3 43. Qxc3 dxc3 44. Rc2 Rxa5 45. Rxc3 Rb8 46. Bd1 Nh3
47. Rf1 Rb1 48. Kg2 Nf4+ 0-1

[Event "Scarborough CC Falling Leaves U2000"]
[Site "Toronto CAN"]
[Date "2010.11.04"]
[Round "2"]
[White "Ward, Dean"]
[Black "Song, Lin"]
[Result "0-1"]
[WhiteElo "1832"]
[BlackElo "1677"]
[PlyCount "50"]
[EventDate "2010.10.28"]
[EventType "swiss"]
[EventRounds "7"]
[EventCountry "CAN"]

1. d4 Nf6 2. c4 g6 3. Nc3 Bg7 4. e4 d6 5. h3 O-O 6. Be3 e5 7. d5 Na6 8. Nf3 Bd7
9. a3 c5 10. dxc6 Bxc6 11. Bd3 Nc5 12. Bxc5 dxc5 13. O-O Nh5 14. Nd5 Bxd5 15.
cxd5 Nf4 16. Bc4 Qd6 17. Rc1 h6 18. Kh2 f5 19. exf5 e4 20. g3 exf3 21. gxf4
Qxf4+ 22. Kh1 Be5 23. d6+ Kg7 24. f6+ Rxf6 25. Qxf3 Qh2# 0-1

[Event "Scarborough CC Falling Leaves U2000"]
[Site "Toronto CAN"]
[Date "2010.11.04"]
[Round "2"]
[White "Yusuf, Magas"]
[Black "Gillis, Doug"]
[Result "0-1"]
[WhiteElo "1885"]
[BlackElo "1622"]
[PlyCount "62"]
[EventDate "2010.10.28"]
[EventType "swiss"]
[EventRounds "7"]
[EventCountry "CAN"]

1. d4 e6 2. Nf3 Nf6 3. Nbd2 d5 4. c4 c5 5. Ne5 cxd4 6. Qa4+ Bd7 7. Nxd7 Qxd7 8.
Qb3 Nc6 9. cxd5 exd5 10. Nf3 Bb4+ 11. Bd2 Bxd2+ 12. Nxd2 Ne4 13. Rd1 O-O 14.
Nf3 Rac8 15. g3 Nc5 16. Qb5 Qe7 17. Nxd4 Nxd4 18. Rxd4 Qe5 19. Qb4 Rfe8 20. Qd2
Ne4 21. Qd1 Rc1 22. Qxc1 Qxd4 23. e3 Qb4+ 24. Ke2 d4 25. Kf3 Nd2+ 26. Kg2 dxe3
27. Bb5 Qxb5 28. Re1 Qd5+ 29. Kg1 Nf3+ 30. Kf1 Nxe1 31. Qxe1 Qh1+ 0-1

[Event "Scarborough CC Falling Leaves U2000"]
[Site "Toronto CAN"]
[Date "2010.11.11"]
[Round "3"]
[White "Armstrong, Robert J"]
[Black "Karpik, Steve"]
[Result "1-0"]
[WhiteElo "1794"]
[BlackElo "1594"]
[PlyCount "67"]
[EventDate "2010.10.28"]
[EventType "swiss"]
[EventRounds "7"]
[EventCountry "CAN"]

1. d4 Nf6 2. c4 g6 3. Nc3 Bg7 4. e4 d6 5. f3 O-O 6. Be3 a6 7. Nge2 Nc6 8. g4 e5
9. d5 Na5 10. Ng3 b6 11. Qd2 Bd7 12. h4 Qc8 13. Be2 Nxg4 14. fxg4 Bxg4 15.
O-O-O b5 16. cxb5 Bxe2 17. Qxe2 axb5 18. Qxb5 Qg4 19. Rdg1 Rfb8 20. Qd3 Qf3 21.
Kc2 Rb4 22. b3 Rab8 23. Ba7 Qxd3+ 24. Kxd3 R8b7 25. Be3 h5 26. Nxh5 gxh5 27.
Bh6 Rd4+ 28. Kc2 Kh7 29. Bxg7 c5 30. Rg5 c4 31. b4 Rxb4 32. Rhg1 Nb3 33. Rxh5+
Kg8 34. Rh8# 1-0

[Event "Scarborough CC Falling Leaves U2000"]
[Site "Toronto CAN"]
[Date "2010.11.11"]
[Round "3"]
[White "Bao, Stephen"]
[Black "Verde, Pino"]
[Result "0-1"]
[WhiteElo "1783"]
[BlackElo "1708"]
[PlyCount "148"]
[EventDate "2010.10.28"]
[EventType "swiss"]
[EventRounds "7"]
[EventCountry "CAN"]

1. d4 Nf6 2. c4 d6 3. Nf3 Nbd7 4. Nc3 e5 5. e4 Be7 6. Be2 O-O 7. O-O Re8 8. d5
Nc5 9. Qc2 Bg4 10. Be3 Ncd7 11. Rfc1 c5 12. Ne1 Nf8 13. Nd3 Ng6 14. f3 Bd7 15.
Qb3 Qc8 16. Bf1 Nh5 17. Ne2 f5 18. exf5 Bxf5 19. Nf2 Nhf4 20. Ne4 Nxe2+ 21.
Bxe2 Nf4 22. Bf1 g5 23. g3 Bxe4 24. fxe4 Qg4 25. Qd1 Nh3+ 26. Kg2 Qxe4+ 27. Qf3
Qxf3+ 28. Kxf3 Rf8+ 29. Ke2 g4 30. Bg2 Ng5 31. Rf1 Kg7 32. Rad1 b6 33. b3 Rae8
34. Bxg5 Bxg5 35. Rxf8 Rxf8 36. Rf1 Rxf1 37. Kxf1 h5 38. Be4 Kf6 39. Kg2 h4 40.
Kf2 a6 41. a4 h3 42. Bd3 Bd2 43. Kf1 Bc3 44. Be4 Kg5 45. Bd3 a5 46. Be4 Bd2 47.
Bd3 Bf4 48. Kf2 Bc1 49. Kf1 Kf6 50. Be4 Be3 51. Bc2 e4 52. Bxe4 Ke5 53. Bd3 Kd4
54. Ke2 Bg1 55. Kd2 Bxh2 56. Bf5 Bxg3 57. Bxg4 h2 58. Bf3 Bf4+ 59. Kc2 Ke3 60.
Bh1 Kf2 61. Kd3 Kg1 62. Bf3 h1=Q 63. Bxh1 Kxh1 64. Ke4 Be5 65. Kf5 Kg2 66. Ke6
Kf3 67. Kd7 Ke3 68. Kc6 Kd3 69. Kxb6 Kc3 70. Kxa5 Kxb3 71. Kb5 Bc3 72. Kc6 Kxc4
73. Kxd6 Ba5 74. Ke5 Kd3 0-1

[Event "Scarborough CC Falling Leaves U2000"]
[Site "Toronto CAN"]
[Date "2010.11.11"]
[Round "3"]
[White "Bellomo, Joe"]
[Black "Xie, Peter"]
[Result "1-0"]
[WhiteElo "1719"]
[BlackElo "1637"]
[PlyCount "111"]
[EventDate "2010.10.28"]
[EventType "swiss"]
[EventRounds "7"]
[EventCountry "CAN"]

1. e4 e5 2. Nf3 Nc6 3. Bb5 a6 4. Ba4 Nf6 5. O-O Be7 6. Re1 b5 7. Bb3 d6 8. c3
O-O 9. h3 Na5 10. Bc2 c5 11. d3 Nd7 12. Nbd2 Nb6 13. Nf1 f5 14. exf5 Bxf5 15.
Ng3 Bg6 16. b4 cxb4 17. cxb4 Nc6 18. Bb3+ Kh8 19. a3 a5 20. bxa5 Nxa5 21. Ba2
Bf6 22. Ne4 Bxe4 23. dxe4 Nac4 24. Qb3 Ra5 25. Rb1 Qa8 26. Qb4 Rd8 27. Bxc4
Nxc4 28. a4 Rxa4 29. Qxb5 Na3 30. Bxa3 Rxa3 31. Red1 Qxe4 32. Rxd6 Rg8 33. Re1
Qf4 34. Nxe5 Bxe5 35. Qxe5 Qxe5 36. Rxe5 h6 37. Rf5 Ra7 38. Kh2 Re8 39. h4 Rae7
40. Kg3 Kh7 41. Kf3 Re5 42. Rxe5 Rxe5 43. g4 h5 44. g5 Ra5 45. Re6 Ra4 46. Re4
Ra3+ 47. Kf4 Kg6 48. f3 Ra5 49. Kg3 Rb5 50. Rc4 Rf5 51. Rc6+ Kf7 52. Ra6 Ke7
53. Rg6 Kf7 54. Rb6 Ke7 55. Rb4 Kd6 56. Rb7 1-0